000
00275nam a2200121Ia 4500
008
190216s9999||||xx |||||||||||||| ||und||
100
_a
Jhingan M L
245
0
_a
Modern Micro Economics
260
_b
Vrinda Pub
_c
1997
300
_a
144 p
650
_a
Economics
942
_c
BK
999
_c
10276
_d
10276